Técnicas de investigación social / (Registro nro. 13122)

Detalles MARC
000 -LEADER
fixed length control field 00674nam a2200253 4500
001 - CONTROL NUMBER
control field 000035467
003 - CONTROL NUMBER IDENTIFIER
control field DO-SdBNP
005 - DATE AND TIME OF LATEST TRANSACTION
control field 20171127114716.0
008 - FIXED-LENGTH DATA ELEMENTS--GENERAL INFORMATION
fixed length control field 111101s1990 sp 000 0 spa d
020 ## - INTERNATIONAL STANDARD BOOK NUMBER
International Standard Book Number
040 ## - CATALOGING SOURCE
Original cataloging agency BPMSU
Language of cataloging spa
Transcribing agency BPMSU
092 ## - LOCALLY ASSIGNED DEWEY CALL NUMBER (OCLC)
Classification number xxxx
Item number XXX
100 1# - MAIN ENTRY--PERSONAL NAME
Personal name Ander Egg, Ezequiel,
Dates associated with a name 1930-
245 10 - TITLE STATEMENT
Title Técnicas de investigación social /
Remainder of title
Statement of responsibility, etc. Ezequiel Ander-Egg.
250 ## - EDITION STATEMENT
Edition statement
260 ## - PUBLICATION, DISTRIBUTION, ETC. (IMPRINT)
Place of publication, distribution, etc. Alicante :
Name of publisher, distributor, etc. Humanitas,
Date of publication, distribution, etc. 1990
300 ## - PHYSICAL DESCRIPTION
Extent 500 p. ;
Dimensions 22 cm.
490 1# - SERIES STATEMENT
Series statement
504 ## - BIBLIOGRAPHY, ETC. NOTE
Bibliography, etc Incluye bibliografías.
830 #0 - SERIES ADDED ENTRY--UNIFORM TITLE
Uniform title
942 ## - ADDED ENTRY ELEMENTS (KOHA)
Source of classification or shelving scheme Dewey Decimal Classification
Koha item type Mapas
945 ## - LOCAL PROCESSING INFORMATION (OCLC)
a Inventariado extranjero / 2017 VM
956 ## - LOCAL ELECTRONIC LOCATION AND ACCESS (OCLC)
Host name VMATEO
Access number 10
Compression information 20171127
Logon BPMSU
Processor of request 0069
Existencias
Withdrawn status Lost status Source of classification or shelving scheme Damaged status Not for loan Collection code Home library Current library Date acquired Source of acquisition Total Checkouts Barcode Date last seen Price effective from Koha item type
    Dewey Decimal Classification     Colección General Biblioteca Pública Metropolitana Salomé Ureña Biblioteca Pública Metropolitana Salomé Ureña 11/27/2017 FUNDI   BPMSU27110450 11/27/2017 11/27/2017 Mapas